Statistics for Salad Fingers Episodes

Click here to take the quiz!

General Stats

  • This quiz has been taken 32 times
  • The average score is 6 of 10

Answer Stats

Ep. #Title% Correct
3Nettles
86%
1Spoons
86%
10Birthday
76%
2Friends
71%
5Picnic
71%
4Cage
62%
6Present
48%
8Cupboard
33%
9Letter
29%
7Shore Leave
29%

Score Distribution

Percentile by Number Answered

Percent of People with Each Score

Your Score History

You have not taken this quiz